000 00902nam a22002777a 4500
003 DO-SdBNP
005 20240403132629.0
008 1607182005 mx a spa d
020 _a9681907302
040 _aBPMSU
_bspa
_cBPMSU
082 4 _a833.91
_bH332a 2005
_222
100 1 _aHärtling, Peter,
_d1933-
245 1 3 _aLa abuela /
_cPeter Härtling ; traducción de Victor Canico ; illustraciones de Ingrid Mizsenko.
260 _aMadrid :
_bAlfaguara,
_c2005.
300 _a103 p. :
_bil. ;
_c19 cm.
490 0 _aAlfaguara infantil
500 _aIncluye datos biográficos de la autor.
521 _aDesde 10 años
590 _aInventariado, 2024/VM
650 4 _aCuentos infantiles alemanes
650 4 _aAmor
_vCuentos infantiles
700 1 _aMizsenko, Ingrid,
_eil.
700 1 _aCanicio, Víctor,
_etr.
910 _aYLOCKWARD/ VMateo V. Control de calidad. BPMSU
942 _2ddc
_cBK
999 _c12392
_d12392